AH International Schools' Libraries

(Khmer) Jesus's life part 3: (Record no. 50064)

MARC details
000 -LEADER
fixed length control field 00303nam a2200109 4500
020 ## - INTERNATIONAL STANDARD BOOK NUMBER
International Standard Book Number 9789924300113
245 ## - TITLE STATEMENT
Title (Khmer) Jesus's life part 3:
Statement of responsibility, etc great Saviour /
260 ## - PUBLICATION, DISTRIBUTION, ETC. (IMPRINT)
Place of publication, distribution, etc Cambodia:
Name of publisher, distributor, etc The Bible Society;
Date of publication, distribution, etc 2016.
300 ## - PHYSICAL DESCRIPTION
Extent 32 p.
Other physical details col. ill.
Dimensions 19 cm.
490 ## - SERIES STATEMENT
Series statement Jesus's life;
942 ## - ADDED ENTRY ELEMENTS (KOHA)
Source of classification or shelving scheme
Koha item type Khmer NON FIC Books
Holdings
Withdrawn status Lost status Source of classification or shelving scheme Damaged status Not for loan Collection code Home library Current library Date acquired Total Checkouts Full call number Barcode Date last seen Date checked out Price effective from Koha item type
          Siem Riep Asian Hope Secondary Library Asian Hope Secondary Library 01/14/2026 1 KHMER 220.9505 JES 208829 01/27/2026 01/20/2026 01/14/2026 Khmer NON FIC Books

For any Logos Library related questions please contact Miss Art at swongnarasuk@asianhope.org.

For any Asian Hope Library related questions please contact Miss Raza at graza@asianhope.org.

Click here to explore our ebooks!

Powered by Koha